| 000 | 00512nam a2200205Ia 4500 | ||
|---|---|---|---|
| 008 | 170918s9999 xx 000 0 und d | ||
| 020 | _a9780545227131 | ||
| 050 | _bB216 2009 | ||
| 100 | _aBang, Molly | ||
| 245 | _aLiving sunlight : | ||
| 245 | _bhow plants bring the earth to life / | ||
| 245 | _cMolly Bang and Penny Chrisholm. | ||
| 260 | _aNew York : | ||
| 260 | _bScholastic, | ||
| 260 | _c2009 | ||
| 300 | _aunpaged : | ||
| 300 | _bcolored illustration ; | ||
| 300 | _c26cm. | ||
| 500 | _a610 | ||
| 999 |
_c342556 _d342556 |
||